| 000 | 01720cab a2200253 ab4500 | ||
|---|---|---|---|
| 005 | 20240612160713.0 | ||
| 008 | 991125s1985 mx 000 0 spa u | ||
| 035 | _aUPN01000225701 | ||
| 040 |
_aMX-MxUPN _bspa _cMX-MxUPN _eaacr2 |
||
| 049 | _aART-E | ||
| 100 | 1 |
_aIbañez Aguirre, Carmelo _6- carmelo.ibanez@ehu.eus |
|
| 245 | 1 | 0 |
_aClaves psicopatológicas de las conductas autoagresivas en la adolescencia _h[recurso electrónico en línea] |
| 506 | 0 | _aAcceso abierto | |
| 520 | 3 | _aEn este trabajo se abordan los principales comportamientos psicopatológicos autoagresivos en el adolescente. Se parte del enfoque teórico cognitivo-conductual que incluye el análisis funcional. El objetivo planteado consiste en analizar algunas de las patologías asociadas y variables (descriptivas y explicativas) relevantes, bien como antecedentes, características personales estables y consecuencias, asociadas a las conductas autoagresivas, incluyendo las autolesiones no suicidas. Se especifican algunos de los mecanismos o claves de las conductas autoagresivas, como el autoconcepto y autoestima negativos, las formas que adoptan las autolesiones y su intencionalidad. Finalmente, se ejemplifica con el caso de una adolescente con conducta autoagresiva y rasgos asociados por el trastorno de la personalidad límite. RPCNA | |
| 650 | 7 |
_945619 _aPsicopatología |
|
| 650 | 4 |
_92906 _aAutoestima |
|
| 653 | 0 | _aAutoagresión | |
| 653 | 0 | _aAutoconcepto | |
| 773 |
_gVol. 4, no. 1 (2017) p. 65-70 _tRevista de psicología clínica con niños y adolescentes _x2340-8340 |
||
| 856 | 4 | _uhttp://www.revistapcna.com/sites/default/files/16-07.pdf | |
| 902 | _aLeonor Sotres/120624 | ||
| 905 | _aArticulo | ||
| 942 | _cART-E | ||
| 999 |
_c197797 _d197797 |
||